[Event "Ascona op 14th"]
[Site "Ascona"]
[Date "2019.04.27"]
[Round "3"]
[White "Keller, Franco"]
[Black "Soghbatyan, Serge"]
[Result "1-0"]
[WhiteElo "1575"]
[BlackElo "1212"]
[PlyCount "53"]
[EventDate "2019.04.26"]
[EventType "swiss"]
[EventRounds "5"]
[EventCountry "SUI"]
[SourceTitle "CBM 190 Extra"]
[Source "ChessBase"]
[SourceDate "2019.07.15"]
[SourceVersion "1"]
[SourceVersionDate "2019.07.15"]
[SourceQuality "1"]

1. c4 e5 2. Nc3 c6 3. Nf3 Qc7 4. g3 Nf6 5. a3 d5 6. cxd5 cxd5 7. e3 Nc6 8. d4 e4 9. Ne5 Nxe5 10. dxe5 Qxe5 11. Bb5+ Bd7 12. Bxd7+ Kxd7 13. Qa4+ Kc7 14. Bd2 Be7 15. Rc1 Kb8 16. 0-0 a6 17. Qb3 Ka7 18. Rfd1 Rac8 19. Be1 Rhd8 20. Na4 Rxc1 21. Rxc1 b5 22. Nc3 Kb7 23. Nxb5 axb5 24. Qxb5+ Ka7 25. Bc3 Qb8 26. Bd4+ Ka8 27. Qa6+ 1-0